Statistiques concernant Les Equipes Des 5 Ligues Les Plus Connues

Cliquez ici pour prendre le quiz!

Statistiques générales

  • Ce quiz a été pris 13 fois
    (5 depuis la dernière actualisation)
  • Le résultat moyen est 11 sur 98

Statistiques - réponses

Answer % Correct
Olympique de Marseille
80%
AC Milan
80%
Paris Saint Germain
60%
Inter Milan
60%
Olympique Lyonnais
60%
Liverpool FC
40%
Toulouse FC
40%
FC Barcelona
40%
Arsenal FC
40%
Lille OSC
40%
Chelsea FC
40%
FC Metz
40%
Girondins Bordeaux
20%
RC Strasbourg
20%
Montpellier HSC
20%
Nimes Olympique
20%
Borussia Dortmund
20%
RB Leipzig
20%
AS Roma
20%
SS Lazio
20%
Torino FC
20%
Udinese Calcio
20%
FC Nantes
20%
FC Bayern Munich
20%
Stade Rennais
20%
OGC Nice
20%
Burnley FC
20%
Manchester United FC
20%
Manchester City FC
20%
Everton FC
20%
Westham United FC
20%
Tottenham Hotspur FC
20%
Amiens SC
20%
AS Saint-Etienne
20%
US Lecce
0%
Genoa CFC
0%
US Sassuolo Calcio
0%
SPAL
0%
UC Sampdoria
0%
Valencia CF
0%
CA Osasuna
0%
SSC Napoli
0%
Juventus FC
0%
Sevilla FC
0%
Parma Calcio 1913
0%
Villareal CF
0%
Granada CF
0%
Athletico Madrid
0%
RCD Espanyol
0%
Getafe CF
0%
Celta Vigo
0%
Brescia Calcio
0%
Real Valladolid
0%
RCD Mallorca
0%
Real Betis
0%
Real Madrid CF
0%
Real Sociedad
0%
Athletic Bilbao
0%
Levante UD
0%
CD Leganes
0%
Deportivo Alaves
0%
SD Eibar
0%
Bayer 04 Leverkusen
0%
Angers SCO
0%
Wolverhamton Wanderers FC
0%
Watford FC
0%
AS Monaco
0%
Dijon FCO
0%
Stade de Reims
0%
Stade Brestois 29
0%
Southampton FC
0%
Newcastle United FC
0%
Cardiff City FC
0%
Brighton & Hove Albion FC
0%
AFC Bournemouth
0%
Crystal Palace FC
0%
Fulham FC
0%
Leicester City FC
0%
Huddersfield Town AFC
0%
FSV Mainz 05
0%
Fortuna Dusseldorf
0%
SV Werder Bremen
0%
FC Koln
0%
SC Paderborn 07
0%
Atalanta BC
0%
Bologna FC 1909
0%
Hellas Verona FC
0%
Cagliari Calcio
0%
SC Freiburg
0%
VFL Wolfsburg
0%
Eintracht Frankfurt
0%
FC Union Berlin
0%
FC Augsburg
0%
Hertha BSC
0%
Borussia Monchengladbach
0%
TSG 1899 Hoffenheim
0%
FC Schalke 04
0%
ACF Fiorentina
0%

Distribution des résultats

Percentile by Number Answered

% des personnes avec chaque résultat

Votre développement - résultats

Vous n’avez pas pris ce quiz depuis la dernière actualisation